A Letter from Father La Chaise, confessor to the French King, to Father Peters, confessor to the King of England : In which is contained the project and designe of that faction to introduce the Prince of Wales; with some observations on his conception and birth, to which is added a letter from Will Penn to Father la Chaise about the affaires of that babe and the ensueing progress of the popish designe.

Bibliographic Details
Other Authors: La Chaise, François d'Aix de, 1624-1709
Format: eBook
Language:English
Series:Early American imprints. Evans (1639-1800) ; no. 438.
Subjects:
Online Access:Evans Digital Edition

MARC

Tag First Indicator Second Indicator Subfields
LEADER 00000cam a22000001a 4500
001 in00002139657
006 m e d #
007 cr mn mmmmabba
008 851125s1688 enk s 000 0 eng d
005 20260330213034.4
035 |z w013229 
035 |a MAAR8511251208B 
035 |9 mwa91-34800 
035 |a 320858 
035 |a aas03013229 
040 |a MWA  |c MWA  |e bdrb  |d UtOrBLW 
245 0 2 |a A Letter from Father La Chaise, confessor to the French King, to Father Peters, confessor to the King of England :  |b In which is contained the project and designe of that faction to introduce the Prince of Wales; with some observations on his conception and birth, to which is added a letter from Will Penn to Father la Chaise about the affaires of that babe and the ensueing progress of the popish designe. 
264 3 |a [London?] :  |b Printed in the city of Philadelphia in the Land of Promise by order of Father Penn and are to be sold by Stephen Lob at the Signe of Apostacy, in Priest-Craft Lane next door to the Alamode Religion,  |c [1688] 
300 |a 15 pages, 1 unnumbered page 
336 |a text  |b txt  |2 rdacontent 
337 |a computer  |b c  |2 rdamedia 
338 |a online resource  |b cr  |2 rdacarrier 
500 |a "Probably printed in England. The work is a fabrication of Penn's enemies in support of the charge that he was a Roman Catholic."--Evans. 
500 |a Dated on page 15: Whitehall the 16th day of the fifth month in the year commonly called 1688. 
510 4 |a Evans  |c 438 
510 4 |a Wing (2nd ed.)  |c L1465 
510 4 |a Parsons, W. Catholic Americana (additions),  |c 181 
530 |a Microform version available in the Readex Early American Imprints series. 
533 |a Electronic text and image data.  |b [Chester, Vt. :  |c Readex, a division of Newsbank, Inc.,  |d 2002-2004.  |e Includes files in TIFF, GIF and PDF formats with inclusion of keyword searchable text.  |f (Early American imprints. First series ; no. 438). 
500 |a Electronic resource. 
600 0 0 |a James,  |c Prince of Wales,  |d 1688-1766. 
600 1 0 |a Penn, William,  |d 1644-1718. 
650 0 |a Anti-Catholicism. 
700 1 |a La Chaise, François d'Aix de,  |d 1624-1709. 
752 |a England  |d London. 
752 |a United States  |b Pennsylvania  |d Philadelphia. 
830 0 |a Early American imprints.  |n Series I,  |p Evans (1639-1800) ;  |v no. 438. 
856 4 1 |u http://proxy.library.tamu.edu/login?url=https://opac.newsbank.com/select/evans/438  |y Evans Digital Edition  |t 0 
999 |a MARS 
999 f f |s 56261ad9-ce21-38b2-b3b6-69142b4aeca5  |i 1d30606c-b762-3d4a-b9cb-8ed99c7fb4b9  |t 0 
952 f f |a Texas A&M University  |b College Station  |c Electronic Resources  |s www_evans  |d Available Online  |t 0  |h No information provided 
998 f f |t 0  |l Available Online